Katseye - Katseye Song Acronyms - Statistics

General Stats
  • This quiz has been taken 111 times
  • The average score is 4 of 6
Answer Stats
Hint Answer % Correct
TIM Tonight I Might
93%
MG Mean Girls
90%
IG Internet Girl
87%
IP I'm Pretty
76%
TL Time Lapse
45%
G (ISR) Gnarly (Ice Spice Remix)
11%
No matching quizzes found
Score Distribution
Percent of People with Each Score
Percentile by Number Answered
Your Score History
You have not taken this quiz